000 02006nam a2200565 i 4500
001 30130
003 KOSZ 005
005 20220202135630.0
008 970510s1993 pl a f |000 0 pol
015 _aUWD 1994/2828
020 _a8371300050
035 _a991000432549705066
035 _a(PL-WaBN)b1015873x-48omnis_nlop
035 _ab1015873x
035 _a(OCoLC)830052999
035 _a(PL)b0000001015873
035 _a(EXLNZ-48OMNIS_NETWORK)9910485616205606
040 _aWA N
_cWA N
_dKOSZ 005/EG
041 0 _apol
_beng
046 _k1993
080 _a691
080 _a666.97/.98
080 _a620.193
080 _a541.4
100 1 _aWieczorek, Grzegorz
_eAutor
245 1 0 _aWpływ chlorków na korozję stali zbrojeniowej w betonie =
_bInfluence of chlorides on the reinforcing steel corrosion in concrete /
_cGrzegorz Wieczorek.
260 _aWarszawa :
_bWydawnictwa ITB,
_c1993.
300 _a128 s. :
_bfot., rys., wykr. ;
_c24 cm.
336 _aTekst
_btxt
_2rdacontent
337 _aBez urządzenia pośredniczącego
_bn
_2rdamedia
338 _aWolumin
_bnc
_2rdacarrier
380 _aKsiążki
388 _a1901-2000
388 _a1989-2000
490 1 _aPrace Naukowe Instytutu Techniki Budowlanej. Monografie =
_aScientific Paper of the Building Research Institute
504 _aBibliogr. s. 124-128. - Summ.
650 7 _aChlorki
_2DBN
650 7 _aKonstrukcje żelbetowe
_2DBN
650 7 _aOchrona i konserwacja
_2DBN
650 7 _aKorozja i erozja
_2DBN
650 7 _aStal
_2DBN
650 7 _aZbrojenie betonu
_2DBN
658 _aInżynieria i technika
658 _aArchitektura i budownictwo
710 2 _aInstytut Techniki Budowlanej
_4pbl
856 _uhttp://koha.tu.koszalin.pl/cgi-bin/koha/opac-detail.pl?biblionumber=30130
_yKatalog online BPK
830 0 _aPrace Naukowe Instytutu Techniki Budowlanej.
_pMonografie
942 _2UKD
_cKS
999 _c30130
_d30130